000 00940nac a22002777a 4500
001 BR8503587
003 BR-BrBNA
005 20240105120336.0
008 230509b bl.|||m| |||| 00| 0 por d
040 _aBR-BrBNA
_bpor
_cBiblioteca Nacional de Agricultura
072 _aF04
090 _a1587 BR8503587
100 1 _aMatias, E.C.
100 1 _aAlmeida, A.M. de
110 1 _aEmpresa Estadual de Pesquisa Agropecuaria da Paraiba S.A., Joao Pessoa (Brasil)
245 1 _aAdubacao foliar e no solo na cultura do inhame [Dioscorea cayenensis, Paraiba]
260 3 _aJoao Pessoa, PB (Brasil):
_c1985.
300 _a3 p.
490 _aPesquisa em Andamento - Empresa Estadual de Pesquisa Agropecuaria da Paraiba S.A. (Brazil)
_vno. 28
_xISSN 0101-9406
650 _aINHAME
650 _aADUBACAO FOLIAR
650 _aRENDIMENTO
650 _aPARAIBA
909 _a202312
_bLúcia Elande
_c55
_dLúcia Elande
942 _2AGRIS
_n0
_cMS
999 _c278980
_d278980